000 00344nam a2200145 i 4500
001 bg
100 1 _aPEKELIS, Viktor
245 0 _aMaleńka encyklopedia wielkiej cybernetyki /
_cViktor Pekelis.
260 _aWarszawa,
_c1974.
040 _cBPK
041 _apol
080 _a03
942 _cKS
008 s pl f |000 0 pol
999 _c16349
_d16349
856 _uhttp://koha.tu.koszalin.pl/cgi-bin/koha/opac-detail.pl?biblionumber=16349
_yKatalog online BPK